Engineering drawing (Record no. 5027)
[ view plain ]
| 000 -LEADER | |
|---|---|
| fixed length control field | 00499nam a2200169Ia 4500 |
| 003 - CONTROL NUMBER IDENTIFIER | |
| control field | SGT |
| 020 ## - INTERNATIONAL STANDARD BOOK NUMBER | |
| International Standard Book Number | 9788190675796 |
| 082 ## - DEWEY DECIMAL CLASSIFICATION NUMBER | |
| Classification number | 604.24 |
| Item number | GUP |
| 100 ## - MAIN ENTRY--PERSONAL NAME | |
| Personal name | Gupta,BVR |
| 245 ## - TITLE STATEMENT | |
| Title | Engineering drawing |
| 260 ## - PUBLICATION, DISTRIBUTION, ETC. (IMPRINT) | |
| Name of publisher, distributor, etc | I.K. International Publishing House Pvt. Ltd. |
| Place of publication, distribution, etc | New Delhi |
| Year of Publication | 2008 |
| 300 ## - PAGE DESCRIPTION | |
| No. of Pages | 204p. |
| 650 ## - SUBJECT ADDED ENTRY--TOPICAL TERM | |
| Topical term or geographic name as entry element | TECHNICAL DRAWING |
| 653 ## - KEYWORDS--INDEX TERM | |
| Keyword term | INTRODUCTION, CURVES, ORTHOGRAPHIC PROJECTIONS, PROJECTIONS OF POINTS, PROJECTIONS OF STRAIGHT LINES |
| 700 ## - ADDED ENTRY--PERSONAL NAME | |
| Personal name | Roy,Raja M |
| 942 ## - ADDED ENTRY ELEMENTS (KOHA) | |
| Source of classification or shelving scheme | Dewey Decimal Classification |
| Koha item type | Books |
| 942 ## - ADDED ENTRY ELEMENTS (KOHA) | |
| -- | 15 |
| Withdrawn status | Lost status | Source of classification or shelving scheme | Damaged status | Use restrictions | Not for loan | Collection code | Home library | Current library | Shelving location | Date acquired | SGTU | Full call number | Accession No. (Barcode) | Date last seen | Bill Date | Koha item type | Total Checkouts | Date last borrowed |
|---|---|---|---|---|---|---|---|---|---|---|---|---|---|---|---|---|---|---|
| Dewey Decimal Classification | Restricted Access | Not For Loan | ENGINEERING | SGT Engineering Library | SGT Engineering Library | Reference Book | 14/05/2010 | SGTU | 604.24 GUP | FE2304 | 09/02/2015 | 09/02/2015 | Books | |||||
| Dewey Decimal Classification | SGT Engineering Library | SGT Engineering Library | 14/05/2010 | SGTU | 604.24 GUP | FE2305 | 06/10/2023 | 09/02/2015 | Books | 3 | 23/09/2023 | |||||||
| Dewey Decimal Classification | SGT Engineering Library | SGT Engineering Library | 14/05/2010 | SGTU | 604.24 GUP | FE2306 | 27/06/2024 | 09/02/2015 | Books | 14 | 26/06/2024 | |||||||
| Dewey Decimal Classification | SGT Engineering Library | SGT Engineering Library | 14/05/2010 | SGTU | 604.24 GUP | FE2307 | 06/10/2023 | 09/02/2015 | Books | 1 | 23/09/2023 | |||||||
| Dewey Decimal Classification | SGT Engineering Library | SGT Engineering Library | 14/05/2010 | SGTU | 604.24 GUP | FE2308 | 25/09/2023 | 09/02/2015 | Books | 8 | 20/09/2023 | |||||||
| Dewey Decimal Classification | SGT Engineering Library | SGT Engineering Library | 06/09/2012 | SGTU | 604.24 GUP | FE5355 | 19/09/2023 | 09/02/2015 | Books | 1 | 19/09/2023 | |||||||
| Dewey Decimal Classification | SGT Engineering Library | SGT Engineering Library | 06/09/2012 | SGTU | 604.24 GUP | FE5356 | 07/10/2023 | 09/02/2015 | Books | 3 | 23/09/2023 |